The ancient Near East, c. 3000-330 BC /

محفوظ في:

المؤلف الرئيسي: Kuhrt, Amelie, 1944- (مؤلف)

التنسيق: كتاب

اللغة: English

منشور في: London ; New York : Routledge, 1997.

سلاسل: Routledge history of the ancient world.

الموضوعات:

الوسوم: إضافة وسم

لا توجد وسوم, كن أول من يضع وسما على هذه التسجيلة!

رقم الطلب: DS62.23 .K87 v.1-2

LEADER 01200cam a2200337 i 4500
001 ocm31606363
003 OSt
005 20241016123116.0
008 941107s1997 nyuab b 001 0 eng
999 |c 55707  |d 55707 
010 |a  94041951  
020 |a 0415167620 (set : pbk.) 
020 |a 0415167639 (v. 1) 
020 |a 0415167647 (v. 2) 
040 |c ARCE Library 
043 |a aw----- 
050 4 |a DS62.23 .K87 v.1-2 
100 1 |a Kuhrt, Amelie,  |d 1944-  |e author 
245 1 4 |a The ancient Near East, c. 3000-330 BC /   |c Amelie Kuhrt. 
264 1 |a London ;  |a New York :  |b Routledge,  |c 1997. 
264 4 |c c1995. 
300 |a 2 volumes (xxviii, 782 pages) :  |b illustrations, maps ;  |c 25 cm. 
490 1 |a Routledge history of the ancient world. 
500 |a "First published in paperback 1997"--Title page verso 
500 |a "Transferred to digital printing 2007"--Title page verso 
500 |a Intended audience: Students and scholars working in history of this region. 
504 |a Includes bibliographical references (pages 703-762) and index. 
651 0 |a Middle East  |x History  |y To 622. 
830 0 |a Routledge history of the ancient world. 
901 |a reviewed 
942 |2 lcc  |c BK